000 00737nam a2200289Ia 4500
005 20260324115549.0
008 008 260324s9999 xx 000 0 eng d
020 _a9781315184494
037 _aEBOOK
040 _aCRL
040 _beng
040 _cCRL
041 _2eng
041 _aeng
084 _qCRL
100 _aRichard Krohn; David Metcalf; Patricia Salber
_91155154
245 0 _aConnected Health
245 0 _bImproving Care, Safety, and Efficiency with Wearables and IoT Solution
260 _bTaylor and Francis
260 _c2017
365 _a
365 _b220
856 _uhttp://www.taylorfrancis.com/books/9781315184494
942 _cEBOOK
999 _c1746118
_d1746118